000 00614nam a2200181Ia 4500
001 16748
005 20260306170333.0
008 260306t2007||||xx |||||||||||||| ||und||
041 _aESP
082 _a349.75
_bT33
100 _aTejero, Eloy
_eAUT
245 0 _a¿Imposibilidad de cumplir o incapacidad de asumir las obligaciones esenciales del matrimonio?:
_bhistoria, jurisprudencia, doctrina, normativa, magisterio, interdisciplinariedad y psicopatología incidentes en la cuestión
260 _c2007
300 _a1305 páginas :
_c24 cm.
650 _aGEN
654 _aCHU
942 _cLIB
_dJUS
_fJUS
_2ddc
_n
999 _c16748
_d16748